000 00456nam a2200193Ia 4500
005 20250603145616.0
008 250603s9999 xx 000 0 und d
020 _a9781111837488
050 _aBF 121 .W45/
100 _aWeiten, Wayne
245 0 _aPsychology : themes and variations
250 _a9th ed.
260 _aUnited State
260 _bCengage learning
260 _c2013
300 _a655 p
650 _aUnited State
942 _cBK
999 _c42340
_d42340